| 000 | 00694njm a22001933a 4500 | ||
|---|---|---|---|
| 999 |
_c180641 _d180641 |
||
| 005 | 20210812172411.0 | ||
| 010 | _aB-741187 | ||
| 020 |
_a9789384925260 _c495.00 |
||
| 035 | _aB-741187 | ||
| 037 | _bGift | ||
| 082 | _aN | ||
| 100 | _aHawthorne, Nathaniel | ||
| 245 |
_aThe house of the seven gables / _cby Nathaniel Hawthorne |
||
| 260 |
_c2020 _aDelhi _bShivalik Publications |
||
| 270 |
_a21-D,Pocket-I,New Kondli MIG Flats, Mayur Vihar Phase-3, _bDelhi _e110096 |
||
| 300 |
_a192p. _b ill. _c22cm (Hb) |
||
| 942 |
_2ddc _cCH _hN _mHAW |
||